000 00835cam a22002774a 4500
001 3091
003 FISKH
005 20240205135421.0
008 040303s2002 nyua j 000 0 eng
010 _a 2004269867
020 _a0439351405 (pbk.)
040 _aDLC
_cDLC
_dDLC
_beng
050 0 0 _aTL789.8.U6
_bA5555 2002
082 0 0 _a629.45/4/0973
_222
100 1 _aMerchant, Peter,
_d1962-
245 1 4 _aThe eagle has landed /
_cby Peter Merchant.
260 _aNew York :
_bScholastic,
_c2002.
300 _a16 pages :
_bcolor illustrations ;
_c25 cm
505 _aN
521 8 _a550
_bLexile
521 8 _aN
_bRaz-Plus
650 0 _aProject Apollo (U.S.)
_vJuvenile literature.
650 0 _aSpace flight to the moon
_vJuvenile literature.
906 _a7
_bcbc
_corignew
_d2
_encip
_f20
_gy-gencatlg
942 _2ddc
_cBK
_n0
999 _c3091
_d3091